Bandiere di isole casuali - Statistics

Statistiche generali
  • Questo quiz è stato fatto 40 volte
  • Il punteggio medio è 10 su 16
Statistiche sulle risposte
con Immagini Risposta % Corretto
Sardegna
97%
Galles
94%
Scozia
94%
Sicilia
94%
Gibilterra
88%
Papua Nuova Guinea
88%
Corsica
81%
Hong Kong
78%
Groenlandia
72%
Irlanda del nord
50%
Anguilla
44%
Hawaii
38%
Guyana Francese
25%
Creta
16%
Tasmania
9%
Baffin
6%
Nessun quiz corrispondente trovato
Distribuzione punteggi
Percentuale di utenti per punteggio
Percentile per numero di risposta
I tuoi punteggi nel tempo
Non hai fatto questo quiz